|
|
|
|
| LEADER |
01899cas a2200277 a 4500 |
| 001 |
AALejournalIMF004385 |
| 008 |
230101c9999 xx r poo 0 0eng d |
| 020 |
|
|
|c 5.00 USD
|
| 020 |
|
|
|z 9781451864632
|
| 022 |
|
|
|a 1018-5941
|
| 040 |
|
|
|a BD-DhAAL
|c BD-DhAAL
|
| 100 |
1 |
|
|a Sadikov, Azim.
|
| 245 |
1 |
0 |
|a Fiscal Implications of Multilateral Tariff Cuts /
|c Azim Sadikov, Hans Lankes, Dustin Smith, Katrin Elborgh-Woytek.
|
| 264 |
|
1 |
|a Washington, D.C. :
|b International Monetary Fund,
|c 2006.
|
| 300 |
|
|
|a 1 online resource (36 pages)
|
| 490 |
1 |
|
|a IMF Working Papers
|
| 500 |
|
|
|a <strong>Off-Campus Access:</strong> No User ID or Password Required
|
| 500 |
|
|
|a <strong>On-Campus Access:</strong> No User ID or Password Required
|
| 506 |
|
|
|a Electronic access restricted to authorized BRAC University faculty, staff and students
|
| 520 |
3 |
|
|a The paper contributes to the discussion about the revenue implications of trade reform by assessing the approximate fiscal revenue impact of different liberalization formulae under consideration in multilateral trade negotiations for a group of low- and middle-income countries. The study applies a linear optimization framework to data for bound tariffs, applied tariffs, and imports at the HS-6 digit level for 58 developing countries, and simulates results for different sets of import demand elasticities and developing country "flexibilities." While only a small number of countries face a significant impact, results point toward the need for complementary fiscal measures in the countries most affected by revenue loss.
|
| 538 |
|
|
|a Mode of access: Internet
|
| 700 |
1 |
|
|a Elborgh-Woytek, Katrin.
|
| 700 |
1 |
|
|a Lankes, Hans.
|
| 700 |
1 |
|
|a Smith, Dustin.
|
| 830 |
|
0 |
|a IMF Working Papers; Working Paper ;
|v No. 2006/203
|
| 856 |
4 |
0 |
|z Full text available on IMF
|u http://elibrary.imf.org/view/journals/001/2006/203/001.2006.issue-203-en.xml
|z IMF e-Library
|